<?xml version="1.0" encoding="UTF-8"?>
<record
    xmlns:xsi="http://www.w3.org/2001/XMLSchema-instance"
    xsi:schemaLocation="http://www.loc.gov/MARC21/slim http://www.loc.gov/standards/marcxml/schema/MARC21slim.xsd"
    xmlns="http://www.loc.gov/MARC21/slim">

  <leader>00726nam a2200169Ia 4500</leader>
  <controlfield tag="008">230410s9999    xx            000 0 und d</controlfield>
  <datafield tag="020" ind1=" " ind2=" ">
    <subfield code="a">9789507017735</subfield>
  </datafield>
  <datafield tag="100" ind1="1" ind2=" ">
    <subfield code="a">Riviere, Angel</subfield>
  </datafield>
  <datafield tag="245" ind1="1" ind2="0">
    <subfield code="a">La mirada mental : desarrollo de las capacidades cognitivas interpersonales</subfield>
    <subfield code="c">Riviere, Angel</subfield>
  </datafield>
  <datafield tag="250" ind1=" " ind2=" ">
    <subfield code="a">3a. - 2a. reimp.</subfield>
  </datafield>
  <datafield tag="260" ind1=" " ind2=" ">
    <subfield code="b">Aique</subfield>
    <subfield code="c">2013</subfield>
    <subfield code="a">Buenos Aires</subfield>
    <subfield code="a">Argentina</subfield>
  </datafield>
  <datafield tag="300" ind1=" " ind2=" ">
    <subfield code="a">136</subfield>
  </datafield>
  <datafield tag="521" ind1=" " ind2=" ">
    <subfield code="a">PSICOLOGIA</subfield>
  </datafield>
  <datafield tag="546" ind1=" " ind2=" ">
    <subfield code="a">ESPA&#xD1;OL</subfield>
  </datafield>
  <datafield tag="650" ind1=" " ind2="4">
    <subfield code="x">MENTE - EDUCACION - ALTRUISMO - MAQUIAVELISMO - TEORIA DE LA MENTE EN EL NI&#xD1;O - AUTISMO - CAPACIDADES INTERPERSONALES - DESTREZAS MENTALISTAS - PENSAMIENTO - IMAGINACION - AFECTO - EMOCIONES - INTERSUBJETIVIDAD - TEORIA DE PERNER - TEORIA DE LESLIE</subfield>
  </datafield>
  <datafield tag="999" ind1=" " ind2=" ">
    <subfield code="c">18169</subfield>
    <subfield code="d">18169</subfield>
  </datafield>
  <datafield tag="040" ind1=" " ind2=" ">
    <subfield code="a">AR-CtUCP</subfield>
  </datafield>
  <datafield tag="952" ind1=" " ind2=" ">
    <subfield code="0">0</subfield>
    <subfield code="1">0</subfield>
    <subfield code="4">0</subfield>
    <subfield code="7">0</subfield>
    <subfield code="a">GOY</subfield>
    <subfield code="b">GOY</subfield>
    <subfield code="c">Biblioteca</subfield>
    <subfield code="d">2023-04-14</subfield>
    <subfield code="e">COMPRA</subfield>
    <subfield code="l">0</subfield>
    <subfield code="o">159.95 RIV</subfield>
    <subfield code="p">56186</subfield>
    <subfield code="r">2023-04-14 00:00:00</subfield>
    <subfield code="t">29</subfield>
    <subfield code="w">2023-04-14</subfield>
    <subfield code="y">LIB</subfield>
  </datafield>
</record>
